Hình thành thói quen sống độc lập cho trẻ

সংরক্ষণ করুন:
গ্রন্থ-পঞ্জীর বিবরন
প্রধান লেখক: Hà, Sơn (Biên soạn)
বিন্যাস: গ্রন্থ
ভাষা:Vietnamese
প্রকাশিত: Hà Nội Thời Đại 2010
বিষয়গুলি:
ট্যাগগুলো: ট্যাগ যুক্ত করুন
কোনো ট্যাগ নেই, প্রথমজন হিসাবে ট্যাগ করুন!
Thư viện lưu trữ: Trung tâm Học liệu Lê Vũ Hùng, Trường Đại học Đồng Tháp
LEADER 00802pam a22002538a 4500
001 00030351
005 20171026081025.0
008 130124s2010 ||||||viesd
020 # # |c 44000 
041 0 # |a vie 
082 1 4 |a 372.21  |b H312TH 
100 1 # |a Hà, Sơn  |e Biên soạn 
245 1 0 |a Hình thành thói quen sống độc lập cho trẻ  |c Hà Sơn (b.s) 
260 # # |a Hà Nội  |b Thời Đại  |c 2010 
300 # # |a 271 tr.  |c 21 cm. 
653 # # |a Giáo dục 
653 # # |a Trẻ em 
653 # # |a Thói quen 
653 # # |a Sống độc lập 
852 # # |j KD.0014399  |j KM.0014702 
852 # # |b Kho đọc  |j KD.0014399 
852 # # |b Kho mượn  |j KM.0014702 
910 |d 24/01/2013 
980 # # |a Trung tâm Học liệu Lê Vũ Hùng, Trường Đại học Đồng Tháp